| 000 | 01045nam a22003137a 4500 | ||
|---|---|---|---|
| 003 | CHAP | ||
| 005 | 20220329133225.0 | ||
| 008 | 971013s1990 r 00010 d | ||
| 010 | _a3606 | ||
| 011 | _a4578 | ||
| 035 | _a3782 | ||
| 040 | _cCHAP | ||
| 090 | _aFolleto 12943 | ||
| 100 | 0 | 0 |
_aAbeyratne, Shyamala. _9223 |
| 245 |
_aRehabilitation of small-scale irrigation systems in Sri Lanka _b: state policy and practice in two systems |
||
| 260 |
_aColombo, Sri Lanka : _bInternational Irrigation Management Institute, _c1990 |
||
| 300 | _a57 p. | ||
| 490 |
_aIIMI Country Paper -- Sri Lanka _v; 6 |
||
| 500 | _aD50-178 | ||
| 590 |
_aBATCH-UPD _b10 _c20130110 _lUCH01 _h2132 |
||
| 590 |
_aBATCH-UPD _b10 _c20130410 _lUCH01 _h1441 |
||
| 590 |
_aBATCH-UPD _b10 _c20130914 _lUCH01 _h1629 |
||
| 590 |
_aCONVERSION _b10 _c20130109 _lUCH01 _h1303 |
||
| 650 | 1 | 4 |
_aIrrigación _xSri Lanka. _960484 |
| 830 | 0 |
_aIIMI Country Paper -- Sri Lanka _v; 6 _957393 |
|
| 901 | _aBK | ||
| 942 | _cFOLL | ||
| 949 |
_aFolleto 12943 _bBC _cFOLL _d-13309 _eTS1 _i3782 _mD _si |
||
| 999 |
_c3606 _d3606 |
||